Loading...
| Mythology | 0 | 5 | 1 | 0 | 45 | 56 | 100.60 | 0 | 4 |
| History - World History | 0 | 4 | 0 | 1 | 40 | 39 | 94.50 | 1 | 2 |
| History - European History | 0 | 4 | 1 | 0 | 35 | 61 | 80.00 | 3 | 4 |
| Fine Arts - Classical Music | 0 | 3 | 0 | 0 | 30 | 55 | 92.67 | 0 | 3 |
| History - Other History | 0 | 3 | 0 | 0 | 30 | 74 | 91.67 | 0 | 2 |
| Literature - British Literature | 0 | 2 | 0 | 0 | 20 | 55 | 87.00 | 1 | 2 |
| Science - Biology | 0 | 2 | 0 | 0 | 20 | 37 | 67.00 | 1 | 1 |
| Religion | 0 | 2 | 1 | 0 | 15 | 64 | 84.50 | 1 | 2 |
| Literature - European Literature | 0 | 1 | 0 | 1 | 10 | 141 | 141.00 | 0 | 1 |
| Science - Chemistry | 0 | 1 | 0 | 0 | 10 | 97 | 97.00 | 0 | 1 |
| Fine Arts - Painting and Sculpture | 0 | 1 | 0 | 0 | 10 | 83 | 83.00 | 0 | 1 |
| Fine Arts - Other Fine Arts | 0 | 1 | 1 | 0 | 5 | 93 | 93.00 | 0 | 1 |
| Social Science | 0 | 1 | 1 | 0 | 5 | 122 | 122.00 | 0 | 0 |